00621nam a2200181Ia 4500008004100000020001500041041001200056100002000068245007100088250000800159260004000167300000800207650001100215700001900226942000700245999001700252952017000269221030s9999 xx 000 0 und d a0199461856 aEnglish aM. N. O. Saidku 0aPrinciples of Electromagneticscby M. N. O. Saidku, S. V. Kulkarni a6th bOxford Univ. PressaNew Delhic2015 a883 aBB EMT aS. V. Kulkarni cBK c16239d16239 pBB 819g675.00i3984l0eRKBr2025-05-17 00:00:00w2022-10-30yBK003Print4070aMIETLIBbMIETLIBcBL-Academic Block B, FL-2, CUP-101, SH-2, R-2d2016-02-0510HBB